000 00874nam a22002897a 4500
001 9110
003 FISKH
005 20251121104846.0
008 251121b cb ||||| |||| 00| 0 eng d
020 _a059044347
040 _aFISKH
_beng
_cFISKH
_dFISKH
050 _aQM101 .B35
082 _a611
100 _aBalestrino, Philip
_eAuthor
245 _aThe skeleton inside you /
_cby Philip Balestrino ; illustrated by True Kelley
260 _aNew York :
_bScholastic Inc. ,
_c1971
300 _a32 pages :
_bcolor illustrations ;
_c18 x 23 cm
505 _aL
520 _aExplains the function of the skeletal system, which is comprised of 206 bones.
521 8 _a600
_bLexile
521 8 _aL
_bRaz-Plus
650 _aAnatomy
_vBiology
650 _aSkeleton
_vHuman body
700 _aKelley, True
_eIllustrator
942 _2ddc
_cBK
_n0
999 _c9110
_d9110